00693cam a2200205 a 450000100100000000500170001000800410002704000250006808200170009310000500011024500280016026000600018830000180024850000710026665000350033765000270037265000380039963000180043770000320045500000108420200929145456.0820309s1974 uy 000 0 spa  aDO-SdBNPbspacBNPHU a261.21bJ76c1 aJones, E. Stanleyq(Eli Stanley),d1884-1973.10aCristo y el comunismo,. aMontevideo, Uruguay, :bEditorial Mundo Hispano,c1974. b94 p.a20 cm. aEdición condensada de la versión castellana de C. T. Gattinoni 4aComunismo e iglesia católica 4aComunismo y religión 4aSociología cristiana católica00aReino de Dios1 aGattinoni, Carlos T.etrad.